000 00682nam a2200193Ia 4500
003 GCL
008 140319s9999 xx 000 0 ara d
040 _aGCL /
_cGCL
082 0 4 _aش ف
_b791.43
_bا ر
100 1 _aاشرف فهمى (اخراج)
245 1 0 _aالراية الحمرا (شرائط فيديو) /
_cاشرف فهمى (اخراج)
260 _aالقاهرة :
_bالدقى فيديو فيلم
300 _a1 شريط فيديو:
_bلو ؛
_c1\2 بوصة
650 0 4 _aالافلام العربية
650 0 4 _aالافلام الاجتماعية
650 0 4 _aالفيديو، أشرطة
650 0 4 _aالتسجيلات المرئية
942 _2ddc
_cVM
999 _c37372
_d37372